000 02006nam a2200541 i 4500
001 18619
003 KOSZ 005
005 20220405075643.0
008 220405s1979 pl a f 000 0 pol
015 _aPB 1979/10368
020 _a8301000198
035 _a991015509529705066
035 _a(PL-WaBN)b14166239-48omnis_nlop
035 _ab14166239
035 _a(OCoLC)749181255
035 _a(PL)b0000001416623
035 _a(EXLNZ-48OMNIS_NETWORK)9910142401505606
040 _aWA N
_cWA N
_dKOSZ 005/RW
046 _k1979
080 _a624.014.2
080 _a744
080 _a(075.8)
100 1 _aŁubiński, Mieczysław
_d(1921-2004)
_eAutor
245 1 0 _aWymiarowanie konstrukcji stalowych metodą stanów granicznych /
_cMieczysław Łubiński, Andrzej Filipowicz, Wojciech Żółtowski.
260 _aWarszawa :
_bPaństwowe Wydawnictwo Naukowe,
_c1979.
300 _a523, [1] strony, [1] karta tablic :
_bilustracje, tablice, wykresy ;
_c24 cm.
336 _aTekst
_btxt
_2rdacontent
337 _aBez urządzenia pośredniczącego
_bn
_2rdamedia
338 _aWolumin
_bnc
_2rdacarrier
380 _aKsiążki
380 _aPublikacje dydaktyczne
385 _mPoziom nauczania
_aSzkoły wyższe
388 1 _a1901-2000
388 1 _a1945-1989
504 _aBibliografia na stronach 522-[524].
521 8 _aSkrypt dla studentów wyższych szkół technicznych na kierunku budownictwa lądowego.
650 7 _aKonstrukcje stalowe
_2DBN
650 7 _aKratownice
655 7 _aPodręczniki akademickie
_2DBN
655 7 _aRysunek techniczny
658 _aArchitektura i budownictwo
700 1 _aFilipowicz, Andrzej
_d(1938- )
_eAutor
700 1 _aŻółtowski, Wojciech
_d(1936-2015)
_eAutor
710 2 _aPaństwowe Wydawnictwo Naukowe
_4pbl
856 _uhttp://koha.tu.koszalin.pl/cgi-bin/koha/opac-detail.pl?biblionumber=18619
_yKatalog online BPK
942 _2UKD
_cKS
999 _c18619
_d18619